| 000 | 00000nam##2200000za#4500 |
| 001 | 9.605065 |
| 003 | CaOODSP |
| 005 | 20250403105202 |
| 007 | cr ||||||||||| |
| 008 | 150406|1994||||xxc|||||o f|0| 0 fre|d |
| 040 | |aCaOODSP|bfre |
| 043 | |an-cn--- |
| 086 | 1 |aCS92-N0020/2-1994F-PDF |
| 245 | 00|aRapport sur les consultations du recensement de 1996 |h[ressource électronique] |
| 260 | |aOttawa - Ontario : |bStatistique Canada |c1994. |
| 490 | 1 |aTest du recensement national |vno. 2 |
| 500 | |aPublication du recensement historique numérisé par Statistique Canada. |
| 590 | |a12-44-Supp|b2012-12-13 |
| 691 | 07|aRecensement|2gcpds |
| 691 | 07|aTest|2gcpds |
| 710 | 2 |aStatistique Canada. |
| 775 | 08|t1996 Census consultation report |w(CaOODSP)9.575563 |
| 830 | #0|aTest du recensement national ;|vno. 2|w(CaOODSP)9.503762 |
| 856 | 40|ahttp://publications.gc.ca|qPDF|s3.8 Mo|uhttps://publications.gc.ca/collections/collection_2012/statcan/rh-hc/CS92-N0020-2-1994-fra.pdf|yno. 2 |